[Event "Eschborn op"]
[Site "Eschborn"]
[Date "2016.09.04"]
[Round "4"]
[White "Bernig, Andreas"]
[Black "Henrich, David"]
[Result "1-0"]
[WhiteElo "1751"]
[BlackElo "2141"]
[PlyCount "149"]
[EventDate "2016.09.02"]
[EventType "swiss"]
[EventRounds "5"]
[EventCountry "GER"]
[SourceTitle "EXT 2018"]
[Source "ChessBase"]
[SourceDate "2017.10.13"]
[SourceVersion "1"]
[SourceVersionDate "2017.10.13"]
[SourceQuality "1"]

1. e4 d6 2. d4 Nf6 3. Nc3 Nbd7 4. f4 e5 5. fxe5 dxe5 6. dxe5 Nxe5 7. Qxd8+ Kxd8 8. Bf4 Bd6 9. 0-0-0 Ke7 10. Kb1 Bg4 11. Be2 Bxe2 12. Ngxe2 a6 13. Nd4 Rhd8 14. Nf5+ Kf8 15. Nxd6 cxd6 16. Bg5 Neg4 17. Rd2 h6 18. Bh4 g5 19. Bg3 Ne8 20. h4 f6 21. hxg5 fxg5 22. Rf1+ Ke7 23. Nd5+ Ke6 24. Nb6 Rab8 25. Rfd1 Ngf6 26. Rd4 Ng4 27. Nc4 b5 28. Nxd6 Ne3 29. Rh1 Nxd6 30. Rxh6+ Kf7 31. Rhxd6 Rxd6 32. Rxd6 Rh8 33. a3 Rh1+ 34. Ka2 a5 35. Kb3 Rb1 36. Be5 Nc4 37. Rd5 Ke6 38. Bc3 a4+ 39. Ka2 Rg1 40. Rxg5 Nd6 41. Re5+ Kf7 42. Bb4 Nc4 43. Rxb5 Rxg2 44. Bc3 Ne3 45. Rb4 Rxc2 46. Rxa4 Nd1 47. Kb3 Re2 48. Rd4 Nf2 49. e5 Ne4 50. a4 Nc5+ 51. Kb4 Ne6 52. Rd2 Re4+ 53. Ka3 Nc5 54. b4 Ne6 55. a5 Rc4 56. Kb3 Rc8 57. Rd7+ Ke8 58. Rh7 Nf8 59. Rh8 Kf7 60. e6+ Kxe6 61. Bg7 Rc7 62. Bxf8 Rf7 63. Bc5 Kd5 64. Rc8 Rf3+ 65. Ka4 Rf1 66. Kb5 Ke6 67. Rd8 Ra1 68. a6 Ra2 69. a7 Ra1 70. a8Q Rxa8 71. Rxa8 Kd7 72. Ra7+ Ke6 73. Kc6 Ke5 74. Re7+ Kf6 75. Kd6 1-0

[Event "Eschborn op"]
[Site "Eschborn"]
[Date "2016.09.03"]
[Round "3"]
[White "Weiland, Thomas"]
[Black "Bernig, Andreas"]
[Result "0-1"]
[WhiteElo "1708"]
[BlackElo "1751"]
[PlyCount "114"]
[EventDate "2016.09.02"]
[EventType "swiss"]
[EventRounds "5"]
[EventCountry "GER"]
[SourceTitle "EXT 2018"]
[Source "ChessBase"]
[SourceDate "2017.10.13"]
[SourceVersion "1"]
[SourceVersionDate "2017.10.13"]
[SourceQuality "1"]

1. e4 e6 2. d4 d5 3. Nc3 Nf6 4. exd5 Nxd5 5. Nxd5 Qxd5 6. Nf3 Nc6 7. c3 Bd7 8. Bd3 h6 9. Bf4 0-0-0 10. Qc2 f5 11. Qb3 Qxb3 12. axb3 Bd6 13. Bxd6 cxd6 14. Nd2 Kb8 15. b4 Ne7 16. Bc4 Rhe8 17. 0-0-0 g5 18. Rhe1 Ng8 19. f3 Nf6 20. g3 g4 21. f4 d5 22. Bd3 Rc8 23. Kb1 a6 24. Re3 Ka7 25. Rde1 Ne4 26. Nxe4 dxe4 27. Bf1 h5 28. Bg2 Bb5 29. Bf1 h4 30. gxh4 Rh8 31. h3 Rxh4 32. hxg4 Rxg4 33. Bxb5 axb5 34. Rf1 Rh8 35. Re2 Rhh4 36. Ref2 Rh3 37. Kc1 Kb6 38. Kd1 Kc6 39. Kc2 Rgg3 40. Re1 Kd5 41. Ra1 Rf3 42. Rxf3 Rxf3 43. Ra5 Kc6 44. c4 bxc4 45. Rc5+ Kd6 46. Rxc4 Rxf4 47. b5 Rg4 48. b6 Rg7 49. b4 Rf7 50. Kd2 f4 51. b5 e3+ 52. Kd3 f3 53. Rc1 e2 54. Ke3 f2 55. Kxe2 f1Q+ 56. Rxf1 Rxf1 57. Kxf1 Kd5 0-1

[Event "Frankfurt-chA"]
[Site "Frankfurt"]
[Date "2015.06.08"]
[Round "6"]
[White "Lebermann, Hellmuth"]
[Black "Bernig, Andreas"]
[Result "1/2-1/2"]
[WhiteElo "1935"]
[BlackElo "1711"]
[PlyCount "63"]
[EventDate "2015.04.27"]
[EventType "swiss"]
[EventRounds "7"]
[EventCountry "GER"]
[SourceTitle "EXT 2016"]
[Source "ChessBase"]
[SourceDate "2015.10.08"]
[SourceVersion "1"]
[SourceVersionDate "2015.10.08"]
[SourceQuality "1"]

1. e4 e6 2. d4 d5 3. e5 c5 4. c3 Nc6 5. Nf3 Nge7 6. Na3 Nf5 7. Nc2 Be7 8. Be2 0-0 9. 0-0 Bd7 10. Re1 Rc8 11. Bd3 cxd4 12. cxd4 Nb4 13. Nxb4 Bxb4 14. Re2 Qa5 15. Bf4 Bb5 16. g4 Bxd3 17. Qxd3 Ne7 18. Ng5 Ng6 19. Be3 Rc6 20. f4 Qa6 21. Qd1 Be7 22. f5 Nh4 23. Rf2 exf5 24. gxf5 h6 25. Nh3 Rfc8 26. a3 Rc4 27. Rc1 Rxc1 28. Bxc1 Nxf5 29. Bf4 Rc6 30. Kh1 Qc4 31. Bd2 Nxd4 32. Qh5 1/2-1/2

[Event "Eschborn op 11th"]
[Site "Eschborn"]
[Date "2014.09.07"]
[Round "4"]
[White "Bernig, Andreas"]
[Black "Westenthanner, Paul"]
[Result "0-1"]
[WhiteElo "1706"]
[BlackElo "1951"]
[PlyCount "88"]
[EventDate "2014.09.05"]
[EventType "swiss"]
[EventRounds "5"]
[EventCountry "GER"]
[SourceTitle "EXT 2015"]
[Source "ChessBase"]
[SourceDate "2014.11.20"]
[SourceVersion "1"]
[SourceVersionDate "2014.11.20"]
[SourceQuality "1"]

1. e4 c6 2. f4 d5 3. exd5 cxd5 4. d4 Nf6 5. Nf3 Nc6 6. c3 Bf5 7. Bd3 Bxd3 8. Qxd3 Ne4 9. 0-0 f5 10. Be3 e6 11. Qb5 Qd7 12. Nbd2 a6 13. Qe2 Rc8 14. Ne5 Nxe5 15. dxe5 Nxd2 16. Qxd2 Be7 17. Rad1 0-0 18. Qe2 b5 19. Kh1 Qb7 20. Rf3 Rf7 21. h3 b4 22. cxb4 Bxb4 23. a3 Bf8 24. Rc1 Rxc1+ 25. Bxc1 Bc5 26. b4 Ba7 27. Rd3 d4 28. Bb2 Qe4 29. Qd2 Rd7 30. Qc2 Kf7 31. Qd2 g5 32. fxg5 Qxe5 33. Rf3 Qe4 34. Rf4 Qe3 35. Rf2 d3 36. Qc3 Qxf2 37. Qg7+ Ke8 38. Qh8+ Ke7 39. Qf6+ Kd6 40. Qe5+ Kc6 41. Qxe6+ Rd6 42. Qc8+ Kb5 43. Qb7+ Bb6 44. a4+ Kxb4 0-1

[Event "Eschborn op 11th"]
[Site "Eschborn"]
[Date "2014.09.07"]
[Round "5"]
[White "Mao, Yvonne"]
[Black "Bernig, Andreas"]
[Result "1/2-1/2"]
[WhiteElo "1576"]
[BlackElo "1706"]
[PlyCount "70"]
[EventDate "2014.09.05"]
[EventType "swiss"]
[EventRounds "5"]
[EventCountry "GER"]
[SourceTitle "EXT 2015"]
[Source "ChessBase"]
[SourceDate "2014.11.20"]
[SourceVersion "1"]
[SourceVersionDate "2014.11.20"]
[SourceQuality "1"]

1. e4 e6 2. d4 d5 3. e5 c5 4. c3 Nc6 5. Nf3 Nge7 6. Nbd2 c4 7. b3 b5 8. a4 b4 9. Bb2 cxb3 10. Nxb3 bxc3 11. Bxc3 Nf5 12. Bb5 Bd7 13. 0-0 a6 14. Bxc6 Bxc6 15. Qd2 Be7 16. Rfc1 0-0 17. Bb4 Rb8 18. Bxe7 Nxe7 19. Nc5 a5 20. Rab1 Rxb1 21. Rxb1 Qa8 22. Qc2 Rb8 23. Ng5 Rxb1+ 24. Qxb1 g6 25. Qb3 h6 26. Nf3 Qc8 27. Qb6 Bxa4 28. Qxa5 Be8 29. h3 Nc6 30. Qd2 Kh7 31. Nh2 Nxe5 32. dxe5 Qxc5 33. Ng4 Qf8 34. Nf6+ Kg7 35. Ng4 Kh7 1/2-1/2

[Event "Eschborn op 11th"]
[Site "Eschborn"]
[Date "2014.09.06"]
[Round "3"]
[White "Henrich, David"]
[Black "Bernig, Andreas"]
[Result "1-0"]
[WhiteElo "2039"]
[BlackElo "1706"]
[PlyCount "71"]
[EventDate "2014.09.05"]
[EventType "swiss"]
[EventRounds "5"]
[EventCountry "GER"]
[SourceTitle "EXT 2015"]
[Source "ChessBase"]
[SourceDate "2014.11.20"]
[SourceVersion "1"]
[SourceVersionDate "2014.11.20"]
[SourceQuality "1"]

1. c4 e6 2. g3 c5 3. Bg2 Nc6 4. Nf3 Nf6 5. 0-0 Be7 6. Nc3 0-0 7. b3 d6 8. d4 Re8 9. Bb2 a6 10. Qd2 Qc7 11. Rac1 cxd4 12. Nxd4 Nxd4 13. Qxd4 Bd7 14. Rfd1 Bc6 15. Nd5 Qd8 16. Nxe7+ Rxe7 17. Bxc6 bxc6 18. Qxd6 Rd7 19. Bxf6 Rxd6 20. Bxd8 Raxd8 21. Rxd6 Rxd6 22. Rc2 Kf8 23. Kf1 Rd1+ 24. Kg2 Ke7 25. Kf3 Kd6 26. c5+ Kc7 27. e3 a5 28. Rc4 Kb7 29. Rd4 Rxd4 30. exd4 a4 31. bxa4 Ka6 32. Ke4 f6 33. f4 g6 34. g4 Ka5 35. h4 Kxa4 36. g5 1-0

[Event "Eschborn op 11th"]
[Site "Eschborn"]
[Date "2014.09.05"]
[Round "1"]
[White "Lochmann, Tobias"]
[Black "Bernig, Andreas"]
[Result "0-1"]
[WhiteElo "726"]
[BlackElo "1706"]
[PlyCount "40"]
[EventDate "2014.09.05"]
[EventType "swiss"]
[EventRounds "5"]
[EventCountry "GER"]
[SourceTitle "EXT 2015"]
[Source "ChessBase"]
[SourceDate "2014.11.20"]
[SourceVersion "1"]
[SourceVersionDate "2014.11.20"]
[SourceQuality "1"]

1. e4 e6 2. Nc3 d5 3. d4 Nf6 4. Bd3 c5 5. dxc5 Bxc5 6. Nf3 dxe4 7. Bb5+ Bd7 8. Bc4 exf3 9. Qxf3 Bc6 10. Qd1 Qxd1+ 11. Nxd1 Bxg2 12. Rg1 Be4 13. f3 Bxg1 14. fxe4 Bxh2 15. Be3 Nc6 16. Nc3 Bg3+ 17. Bf2 Bxf2+ 18. Kxf2 0-0-0 19. Ke2 Nd4+ 20. Kd2 Nb3+ 0-1

[Event "Bern op"]
[Site "Bern"]
[Date "2004.02.14"]
[Round "6"]
[White "Roth, Matthias"]
[Black "Bernig, Andreas"]
[Result "1-0"]
[WhiteElo "2157"]
[BlackElo "1931"]
[PlyCount "93"]
[EventDate "2004.02.??"]
[EventType "swiss"]
[EventRounds "7"]
[EventCountry "SUI"]
[SourceTitle "EXT 2005"]
[Source "ChessBase"]
[SourceDate "2004.11.15"]
[SourceVersion "1"]
[SourceVersionDate "2004.11.15"]
[SourceQuality "1"]

1. e4 e6 2. d4 d5 3. Nc3 Nf6 4. Bg5 Be7 5. e5 Nfd7 6. h4 a6 7. Qg4 Rg8 8. Bd3 g6 9. Bxe7 Qxe7 10. h5 c5 11. hxg6 hxg6 12. f4 cxd4 13. Nce2 Nc5 14. 0-0-0 Nc6 15. Nf3 Nb4 16. Kb1 Bd7 17. f5 exf5 18. Qxd4 Ncxd3 19. cxd3 Be6 20. Rc1 Nc6 21. Qb6 a5 22. Rxc6 Ra6 23. Rxe6 Rxb6 24. Rxe7+ Kxe7 25. Nf4 Rb5 26. Rc1 Rd8 27. Nd4 Rb6 28. Rc7+ Ke8 29. e6 fxe6 30. Ndxe6 Rdd6 31. Rc8+ Ke7 32. Nc5 Kf6 33. Rc7 Rb5 34. a4 Rb4 35. Nxb7 Rxf4 36. Nxd6 Rxa4 37. Nb7 Rg4 38. Rc2 a4 39. Re2 Rb4 40. Nc5 d4 41. Ka2 g5 42. Ka3 Rb5 43. Nd7+ Kg6 44. Kxa4 Rb7 45. Nc5 Rb8 46. b4 g4 47. Ne6 1-0